000 00275nam a22001217a 4500
008 171115b xxu||||| |||| 00| 0 eng d
041 _aeng
080 _a7
100 _a44
101 _aART
245 _aBIENALI NDERKOMBETAR I AKUARELIT
_cXHEMAILI.B
942 _2udc
_cBK
999 _c38273
_d38273